Gaming Quiz

Random Gaming or Nintendo Quiz

Mario Kart 64 Courses Quiz Stats

 Plays Quiz Updated Dec 26, 2018

Support Sporcle.
Go Orange.
Score 0/16 Timer 03:00
0 Plays Today
Cup Course % Correct
Special CupRainbow Road
90%
Star CupBowser's Castle
73%
Flower CupMario Raceway
56.9%
Mushroom CupLuigi Raceway
56.7%
Mushroom CupMoo Moo Farm
55.5%
Star CupWario Stadium
53%
Flower CupToad's Turnpike
51.5%
Mushroom CupKoopa Troopa Beach
41.5%
Cup Course % Correct
Flower CupChoco Mountain
36.7%
Special CupBanshee Boardwalk
35.3%
Special CupYoshi Valley
35.1%
Star CupRoyal Raceway
33.7%
Special CupD.K.'s Jungle Parkway
29.3%
Flower CupFrappe Snowland
25.1%
Mushroom CupKalimari Desert
23.9%
Star CupSherbet Land
21%

From the Vault

Drink Idioms

by alinrotundu

Get a 100% and you can toast with any of these.
Remove Ads.
Support Sporcle.
Get the best of Sporcle when you Go Orange. This ad-free experience offers more features, more stats, and more fun while also helping to support Sporcle. Thank you for becoming a member.

Show Comments

Extras

Top Quizzes Today


Score Distribution

Your Account Isn't Verified!

In order to create a playlist on Sporcle, you need to verify the email address you used during registration. Go to your Sporcle Settings to finish the process.

Report this User

Report this user for behavior that violates our Community Guidelines.

Details: